Transformácia obsahu komunitných Q&A systémov do objektov vzdelávania

Saved in:
Bibliographic Details
Main Author: Miklovič, Matúš (Author)
Other Authors: Lang, Ján (Thesis advisor)
Format: Manuscript Book
Language:Slovak
Published: 2024
Subjects:
Online Access:http://is.stuba.sk/zp/portal_zp.pl?podrobnosti=169836
Tags: Add Tag
No Tags, Be the first to tag this record!

MARC

LEADER 00000ntm a22000003a 4500
001 stuzp100143
003 SK-STU
005 20240608213452.2
007 ta
008 150427s2015----xo-----f-mn---000-0-slo-d
040 |a STU  |b slo 
041 0 |a slo 
100 1 |a Miklovič, Matúš  |u 070200  |4 aut  |U FIIT Fakulta informatiky a informačných technológií  |T FIIT Ústav informatiky, informačných systémov a softvérového inžinierstva  |X 96970  |U I200  |Y 179  |7 96970 
242 0 1 |a Transforming the Content of Community Q&A Systems into Learning Objects  |y eng 
245 1 0 |a Transformácia obsahu komunitných Q&A systémov do objektov vzdelávania 
260 |c 2024 
650 4 |a Objekty vzdelávania  |2 slo 
650 4 |a Q&A systémy  |2 slo 
650 4 |a Dekompozícia obsahu  |2 slo 
650 4 |a Q&A systems  |2 eng 
650 4 |a Learning Objects  |2 eng 
650 4 |a Content decomposition  |2 eng 
700 1 |a Lang, Ján  |u 070200  |k Z1  |4 ths  |U FIIT Fakulta informatiky a informačných technológií  |T FIIT Ústav informatiky, informačných systémov a softvérového inžinierstva  |X 60247  |U I200  |Y 179  |7 60247 
856 4 |u http://is.stuba.sk/zp/portal_zp.pl?podrobnosti=169836